Largest Cities of States & Provinces - Statistics

General Stats
  • This quiz has been taken 37 times
  • The average score is 60 of 68
Answer Stats
Country Administrative Division Answer % Correct
U.S. Alaska Anchorage
100%
U.S. Georgia Atlanta
100%
U.S. Maryland Baltimore
100%
U.S. Massachusetts Boston
100%
U.S. Illinois Chicago
100%
U.S. Colorado Denver
100%
U.S. Michigan Detroit
100%
U.S. Hawaii Honolulu
100%
U.S. Indiana Indianapolis
100%
U.S. Mississippi Jackson
100%
U.S. Florida Jacksonville
100%
U.S. Missouri Kansas City
100%
U.S. Nevada Las Vegas
100%
U.S. Arkansas Little Rock
100%
U.S. California Los Angeles
100%
U.S. Minnesota Minneapolis
100%
U.S. Louisiana New Orleans
100%
U.S. New York New York
100%
U.S. Arizona Phoenix
100%
U.S. Maine Portland
100%
U.S. Oregon Portland
100%
Canada British Columbia Vancouver
100%
U.S. Idaho Boise
97%
Canada Alberta Calgary
97%
U.S. North Carolina Charlotte
97%
U.S. Virgin Islands Charlotte Amalie
97%
U.S. Wyoming Cheyenne
97%
U.S. Ohio Columbus
97%
U.S. Iowa Des Moines
97%
U.S. Texas Houston
97%
U.S. Wisconsin Milwaukee
97%
Canada Quebec Montreal
97%
U.S. Tennesee Nashville
97%
U.S. Oklahoma Oklahoma City
97%
U.S. Nebraska Omaha
97%
U.S. Pennsylvania Philadelphia
97%
U.S. Utah Salt Lake City
97%
Canada Ontario Toronto
97%
U.S. District of Columbia Washington
97%
U.S. New Mexico Albuquerque
94%
U.S. South Carolina Charleston
94%
U.S. West Virginia Charleston
94%
U.S. New Jersey Newark
94%
U.S. Puerto Rico San Juan
94%
U.S. Washington Seattle
94%
U.S. Virginia Virginia Beach
94%
U.S. Kansas Wichita
94%
Canada Manitoba Winnipeg
94%
U.S. Kentucky Louisville
90%
U.S. Montana Billings
87%
U.S. North Dakota Fargo
87%
Canada Nova Scotia Halifax
87%
U.S. Rhode Island Providence
87%
U.S. South Dakota Sioux Falls
87%
Canada Newfoundland and Labrador Saint John's
77%
U.S. New Hampshire Manchester
74%
U.S. Connecticut Bridgeport
71%
U.S. Alabama Huntsville
71%
U.S. Delaware Wilmington
71%
Canada Northwest Territories Yellowknife
71%
U.S. Vermont Burlington
65%
Canada Saskatchewan Saskatoon
65%
Canada Yukon Territory Whitehorse
65%
Canada Nunavut Territory Iqaluit
52%
Canada New Brunswick Moncton
42%
U.S. Northern Mariana Islands Saipan
29%
U.S. Guam Dededo
3%
U.S. American Samoa Tafuna
3%
No matching quizzes found
Score Distribution
Percent of People with Each Score
Percentile by Number Answered
Your Score History
You have not taken this quiz